000 00946nam a2200265Ia 4500
003 OSt
005 20220923215636.0
006 a|||||r|||| 00| 0
007 ta
008 220922b |||||||| |||| 00| 0 guj d
024 _a180,514
037 _cTextual
040 _aARTS
_cARTS
_bguj
041 _2guj
_aguj
082 _aO156,1J91w, 152 N3
100 _aत्रिवेदी, भूपेन्द्र बाल कृष्ण
_9163896
245 0 _aअखा
246 _aAkhā
260 _aनई दिल्ली
_b साहित्य अकादेमी
_c1993
300 _a84पृ0
_ccm.
490 _aभारतीय साहित्य के निर्माता
650 _aगुजराती साहित्य
942 _hO156,1J91w, 152 N3
_cTEXL
_2CC
999 _c333892
_d333892